000 00708nam a22001937a 4500
005 20100813115918.0
010 _aENG-100301
020 _a8172083459
_c16.00
035 _aEN-83833
037 _bDBAD/PUB
082 _a230.42
100 _aSai Baba
_913856
245 _aDhyana vahini:
_cby Sai Baba
_b(stream of meditation) /
260 _aPrasanthi Nilayam
_bSri Sathya Sai Books & Publications Trust
_c2003
270 _aPrasanthi Nilayam
_bPrasanthi Nilayam
_e515134
300 _av, 126p.
_bill
_c22cm (pbk)
942 _2ddc
_cEN
_h230.42
_mSAI
999 _c41545
_d41545